01295nam a2200313 a 4500001001200000003000800012006001900020007001500039008004100054020001800095020002700113040002100140035002100161050002800182100002100210245017800231260005000409300003600459500002000495533015200515630003200667650003900699650002600738650002600764655002900790710001700819856012600836999001900962ebr10439379CaPaEBRm u cr cn|||||||||110114s2010 enka s 001 0 eng d z9781849510905 z9781849510912 (e-book) aCaPaEBRcCaPaEBR a(OCoLC)70451839014aQA76.76.A65bG75 2010eb1 aGriffiths, Adam.10aCodeIgniter 1.7 professional developmenth[electronic resource] :bbecome a CodeIgniter expert with professional tools, techniques, and extended libraries /cAdam Griffiths. aBirmingham, U.K. :bPackt Open Source,c2010. axii, 272 p. :bill. (some col.) aIncludes index. aElectronic reproduction.bPalo Alto, Calif. :cebrary,d2011.nAvailable via World Wide Web.nAccess may be limited to ebrary affiliated libraries.00aCodeIgniter (Computer file) 0aApplication softwarexDevelopment. 0aInternet programming. 0aOpen source software. 7aElectronic books.2local2 aebrary, Inc.40uhttp://site.ebrary.com/lib/rucke/Doc?id=10439379zAn electronic book accessible through the World Wide Web; click to view c133790d133790